Retail supply chain management

Saved in:
Bibliographic Details
Main Author: Ayers, James B
Other Authors: Odegaard, Mary Ann
Format: Book
Language:English
Published: New York, USA Auerbach Publications 2006
Series:Series on Resources Management
Subjects:
Tags: Add Tag
No Tags, Be the first to tag this record!

MARC

LEADER 00000nam a2200000 a 4500
001 UCI5299
003 CL-VaPUC
005 20220223074425.0
008 080320e20060000US |||||||||||||||||eng|d
999 |c 329053  |d 329051 
020 |a 9780849390524 
040 |c Pontificia Universidad Católica de Valparaíso 
082 0 4 |a 658.87 AYE 2006  |2 21 
100 0 |a Ayers, James B  |9 527586 
245 1 0 |a Retail supply chain management 
260 0 3 |a New York, USA  |b Auerbach Publications  |c 2006 
300 |a 426 páginas 
490 0 |a Series on Resources Management 
583 |a last modification  |c 20080320 00:00:00  |k Rodrigo Vera 
650 0 |a Abastecimiento  |9 443339 
650 7 |a LOGISTICA  |2 CL-VaPUC  |9 485423 
650 7 |a RETAIL  |2 CL-VaPUC  |9 527588 
650 0 |a Marketing  |9 259324 
650 0 |a Transporte de mercancias  |9 358742 
650 0 |a Control de inventario  |9 263777 
650 0 |a Gestión de stocks  |9 365220 
650 7 |a STOCK  |2 CL-VaPUC  |9 527589 
700 0 |a Odegaard, Mary Ann  |9 527587 
942 |c BK  |2 ddc 
945 |d 20080320 00:00:00  |a rbrito 
952 |0 0  |1 0  |2 ddc  |4 0  |6 658_870000000000000_AYE_2006  |7 0  |8 A  |9 413359  |a BIBING  |b BIBING  |d 2019-11-22  |i 4417496  |o 658.87 AYE 2006  |p 4417496  |r 2025-01-20  |t 1  |w 2019-11-22  |y BK  |k EII